Statistiken für Star Wars Quiz #1

Klicken Sie hier um das Quiz zu spielen!

Allgemein

  • Dieses Quiz wurde 2.127 mal gespielt
    (2.084 seit der letzten Aktualisierung)
  • Das Durchschnittsergebnis liegt bei 7 aus 10

Antwortstatistiken

FrageAntwort% Korrekt
Welcher Rasse gehört Jar Jar Binks an?Gungan
96%
Womit wurden Lichtschwerter betrieben?Kyberkristalle
94%
Wie heißt Po Demerens Droide?BB8
87%
Wer war die Vorlage für die Clone?Jango Fett
87%
Wie lautet Count Doukus Sithname?Darth Tyrannus
85%
Wie heißt der Bruder von Darth Maul?Savage Opress
83%
Wer erfand die Regel der zwei?Darth Bane
49%
Wann wurde der/die Todesstern/Todessternpläne als erstes (In einem der 9 Filme) gezeigt?2
39%
Welchen Planeten beschoss der Todesstern als erstes?Jedha
21%
Wie viele Star Wars Filme gibt es?12
13%

Verteilung der Resultate

Perzentil nach korrekt beantworteten Fragen

Anzahl Personen mit jedem Resultat

Ihre Resultats-Entwicklung

Sie haben dieses Quiz seit der letzten Aktualisierung nicht gespielt